EURO 2020 - podział na grupy - Statystyki

Ogólne statystyki
  • Ten quiz został rozwiązany 833 razy
  • Średni wynik to 22 z 24
Statystyki odpowiedzi
Hint Odpowiedź % Poprawnych
Grupa E Polska
100%
Grupa E Hiszpania
99%
Grupa E Szwecja
98%
Grupa F Niemcy
97%
Grupa F Portugalia
97%
Grupa A Włochy
97%
Grupa D Anglia
96%
Grupa F Francja
96%
Grupa E Słowacja
96%
Grupa B Belgia
93%
Grupa C Holandia
92%
Grupa C Ukraina
92%
Grupa B Dania
91%
Grupa B Rosja
91%
Grupa A Szwajcaria
90%
Grupa F Węgry
90%
Grupa D Chorwacja
89%
Grupa D Czechy
88%
Grupa A Walia
87%
Grupa A Turcja
86%
Grupa C Austria
85%
Grupa B Finlandia
85%
Grupa D Szkocja
82%
Grupa C Macedonia Północna
72%
Nie znaleziono quizów pasujących do podanych kryteriów
Rozkład punktacji
Procent ludzi z każdym wynikiem
Percentyl według liczby udzielonych odpowiedzi
Twoja historia wyników
Nie rozwiązałeś tego quizu